| 000 | 00328nam a2200109Ia 4500 | ||
|---|---|---|---|
| 005 | 20251222144713.0 | ||
| 008 | 251222s9999||||xx |||||||||||||| ||spa|| | ||
| 082 | _a361.985.15/M24 | ||
| 245 | 0 | _aMapa de las Necesidades Básicas Insatisfechas de la Sub Región IV - Cajamarca a Nivel Provincial | |
| 264 | _bPROMUDEH | ||
| 942 | _cLIB | ||
| 999 |
_c17901 _d17901 |
||